El federalismo (Record no. 53808)

MARC details
000 -LEADER
campo de control de longitud fija 00825nam a2200181 i 4500
001 - NÚMERO DE CONTROL
campo de control 53808
003 - IDENTIFICADOR DE NÚMERO DE CONTROL
campo de control ES-MaACL
005 - FECHA Y HORA DE LA ÚLTIMA TRANSACCIÓN
campo de control 20250716000648.0
007 - CAMPO FIJO DE DESCRIPCIÓN FÍSICA--INFORMACIÓN GENERAL
campo de control de longitud fija t|
008 - DATOS DE LONGITUD FIJA--INFORMACIÓN GENERAL
campo de control de longitud fija 931025s1870 sp ||||1| spa d
100 1# - ENTRADA PRINCIPAL--NOMBRE DE PERSONA
Nombre de persona Fernández Herrero, Manuel.
9 (RLIN) 49848
245 13 - MENCIÓN DEL TÍTULO
Título El federalismo
Resto del título : organización, resoluciones y conducta del partido, según el manifiesto de la Asamblea Federal : con varias consideraciones y declaraciones sobre lo que aguarda al pueblo de esta forma de gobierno y de los hombres que alcancen la misión de plantearlo /
Mención de responsabilidad, etc. por Manuel Fernández Herrero.
260 ## - PUBLICACIÓN, DISTRIBUCIÓN, ETC.
Lugar de publicación, distribución, etc. Madrid :
Nombre del editor, distribuidor, etc. Gabriel Díaz y Compañía,
Fecha de publicación, distribución, etc. 1870 (
Fabricante Imp. de la Viuda e Hijos de M. Alvarez)
300 ## - DESCRIPCIÓN FÍSICA
Extensión 64 p. ;
Dimensiones 18 cm.
650 04 - PUNTO DE ACCESO ADICIONAL DE MATERIA--TÉRMINO DE MATERIA
Término de materia o nombre geográfico como elemento de entrada Federalismo-
Subdivisión geográfica España-
Subdivisión cronológica S.XIX
9 (RLIN) 12740
852 ## - LOCALIZACIÓN
Ubicación ES-MaACL
Número de control de estantería Fol-Laf-473
Holdings
Estatus retirado Estado de pérdida Estado de daño No para préstamo Colección Biblioteca de origen Biblioteca actual Ubicación en estantería Fecha de adquisición Fuente de adquisición Total de préstamos Signatura topográfica completa Código de barras Visto por última vez Precio de reemplazo Tipo de ítem Koha
        Colección de folletos Biblioteca del Ateneo de Madrid Biblioteca del Ateneo de Madrid Depósito folletos 17/01/2008     Fol-Laf-473 1056549 23/02/2023 23/02/2023 Folleto